[Event "Natal zt 2.4"]
[Site "Natal"]
[Date "2022.10.05"]
[Round "4"]
[White "Sampaio, Andre Luiz"]
[Black "Nunes, Marcelo Basilio"]
[Result "0-1"]
[WhiteElo "1664"]
[BlackElo "1939"]
[PlyCount "82"]
[EventDate "2022.10.03"]
[EventType "swiss"]
[EventRounds "9"]
[EventCountry "BRA"]
[SourceTitle "EXT 2024"]
[Source "ChessBase"]
[SourceDate "2023.10.10"]
[SourceVersion "1"]
[SourceVersionDate "2023.10.10"]
[SourceQuality "1"]

1. d4 d6 2. Nf3 c6 3. g3 Qc7 4. Bg2 Nf6 5. c4 Nbd7 6. 0-0 e5 7. Nc3 Be7 8. e4 0-0 9. a3 Re8 10. Be3 Bf8 11. d5 c5 12. Rb1 g6 13. Qc2 a6 14. a4 a5 15. Qd2 Nb8 16. Bg5 Bg7 17. Nh4 Na6 18. Nb5 Qb6 19. Bh6 Nc7 20. Qg5 Nxb5 21. axb5 Qd8 22. Bxg7 Kxg7 23. Nf5+ Bxf5 24. exf5 h6 25. Qd2 gxf5 26. Ra1 b6 27. Ra3 Ng8 28. f4 e4 29. g4 Qf6 30. Qe2 Kh8 31. Kh1 Re7 32. Qf2 Rae8 33. g5 Qd4 34. Qh4 e3 35. gxh6 Qxb2 36. Raa1 Qf6 37. Qg3 Qxh6 38. Rg1 Nf6 39. Qg5 Qxg5 40. fxg5 Ne4 41. Bf1 e2 0-1

[Event "BRA-ch sf Reg2 86th"]
[Site "Recife"]
[Date "2019.12.20"]
[Round "2"]
[White "Nunes, Marcelo Basilio"]
[Black "Souza, Rafael Cabral de"]
[Result "1/2-1/2"]
[WhiteElo "1905"]
[BlackElo "2113"]
[PlyCount "62"]
[EventDate "2019.12.19"]
[EventType "swiss"]
[EventRounds "7"]
[EventCountry "BRA"]
[SourceTitle "CBM 194 Extra"]
[Source "ChessBase"]
[SourceDate "2020.03.31"]
[SourceVersion "1"]
[SourceVersionDate "2020.03.31"]
[SourceQuality "1"]

1. d4 Nf6 2. c4 a6 3. Nc3 c5 4. Nf3 cxd4 5. Nxd4 d5 6. e3 e6 7. a3 Be7 8. Be2 dxc4 9. Bxc4 b5 10. Be2 Bb7 11. 0-0 0-0 12. b3 Qb6 13. Bb2 Rd8 14. Qc2 Nbd7 15. Rac1 Rac8 16. Qb1 Nc5 17. b4 Nce4 18. Nxe4 Bxe4 19. Qa1 Qb7 20. f3 Bg6 21. Rxc8 Rxc8 22. Rc1 Rd8 23. Nc6 Rd2 24. Nxe7+ Qxe7 25. Bf1 h5 26. Bd4 Nd5 27. Rc8+ Kh7 28. Qc1 Ra2 29. e4 e5 30. Bf2 Nf4 31. Rc2 Qg5 1/2-1/2

[Event "Recife Arraes Memorial 11th"]
[Site "Recife"]
[Date "2018.07.27"]
[Round "2"]
[White "Nunes, Marcelo Basilio"]
[Black "Bouwman, Marcelo Wanderley"]
[Result "0-1"]
[WhiteElo "1953"]
[BlackElo "2208"]
[PlyCount "54"]
[EventDate "2018.07.27"]
[EventType "swiss"]
[EventRounds "6"]
[EventCountry "BRA"]
[SourceTitle "CBM 186 Extra"]
[Source "ChessBase"]
[SourceDate "2018.08.24"]
[SourceVersion "1"]
[SourceVersionDate "2018.08.24"]
[SourceQuality "1"]

1. Nf3 d5 2. g3 Bg4 3. Bg2 Nd7 4. b3 e5 5. d3 Ngf6 6. 0-0 Bd6 7. c3 Qe7 8. Qc2 0-0 9. e4 c6 10. Nbd2 h6 11. h3 Be6 12. Bb2 Nh7 13. Rae1 f5 14. exf5 Rxf5 15. Re2 Raf8 16. Nh4 R5f6 17. Nhf3 g5 18. c4 g4 19. Nxe5 gxh3 20. Bh1 h2+ 21. Kxh2 Nxe5 22. Bxe5 Bxe5 23. Rxe5 Rxf2+ 24. Rxf2 Rxf2+ 25. Kg1 Qc5 26. d4 Qxd4 27. Qg6+ Kh8 0-1

[Event "Natal Potiguar A1"]
[Site "Natal"]
[Date "2018.04.21"]
[Round "8"]
[White "Nunes, Marcelo Basilio"]
[Black "Jordao Barbosa, Marcio Ferre"]
[Result "0-1"]
[WhiteElo "1950"]
[BlackElo "2067"]
[PlyCount "126"]
[EventDate "2018.04.13"]
[EventType "tourn"]
[EventRounds "9"]
[EventCountry "BRA"]
[SourceTitle "EXT 2019"]
[Source "ChessBase"]
[SourceDate "2018.10.10"]
[SourceVersion "1"]
[SourceVersionDate "2018.10.10"]
[SourceQuality "1"]

1. Nf3 f5 2. g3 Nf6 3. Bg2 d5 4. c4 e6 5. cxd5 exd5 6. 0-0 Bd6 7. b3 0-0 8. Bb2 Qe7 9. Qc2 c6 10. d3 Bd7 11. a3 Na6 12. Re1 Rae8 13. e3 Nc7 14. Nbd2 Qf7 15. Ng5 Qh5 16. f4 Ng4 17. Nf1 h6 18. Nf3 Qf7 19. h3 Nf6 20. Ne5 Bxe5 21. Bxe5 Rc8 22. Nh2 Qe7 23. b4 Nh5 24. Kf2 Qf7 25. Rac1 Rfe8 26. Qa2 Ne6 27. Bf3 Nf8 28. Qe2 Nf6 29. Rg1 Ng6 30. Ba1 Re7 31. Rge1 Rce8 32. Qd2 Nf8 33. Bg2 Nh5 34. Nf1 Kh7 35. Bf3 Kg8 36. Re2 Nf6 37. Rce1 Ng6 38. Kg1 Kh8 39. Rg2 Bc8 40. Bd1 b6 41. Ba4 Bb7 42. Rc1 Rc8 43. Nh2 Qe6 44. Re2 c5 45. bxc5 bxc5 46. Ree1 d4 47. Rb1 Qd5 48. Rxb7 Qxb7 49. exd4 Qa6 50. Rxe7 Nxe7 51. Qd1 Rd8 52. Nf3 cxd4 53. Ne5 Kh7 54. g4 fxg4 55. hxg4 Nfd5 56. Bb3 Nxf4 57. Qf3 Qxa3 58. Qd1 Rb8 59. Bc4 Qd6 60. Nf7 Qf6 61. g5 hxg5 62. Kh2 Qf5 63. Qf1 Rb1 0-1

[Event "Natal Regiion-ch sf"]
[Site "Natal"]
[Date "2017.11.03"]
[Round "4"]
[White "Ramos, Pedro Saraiva"]
[Black "Nunes, Marcelo Basilio"]
[Result "0-1"]
[WhiteElo "1494"]
[BlackElo "1971"]
[PlyCount "72"]
[EventDate "2017.11.02"]
[EventType "swiss"]
[EventRounds "7"]
[EventCountry "BRA"]
[SourceTitle "CBM 181 Extra"]
[Source "ChessBase"]
[SourceDate "2017.12.12"]
[SourceVersion "1"]
[SourceVersionDate "2017.12.12"]
[SourceQuality "1"]

1. c4 Nf6 2. Nc3 e6 3. g3 c5 4. Bg2 Be7 5. Nf3 0-0 6. 0-0 a6 7. d4 cxd4 8. Nxd4 Qc7 9. Qd3 d6 10. b4 Nbd7 11. Nf3 b6 12. e4 Bb7 13. Bg5 Rac8 14. c5 dxc5 15. Rac1 c4 16. Qb1 h6 17. Bf4 e5 18. Be3 b5 19. Nh4 Rfd8 20. Nf5 Bf8 21. Rfd1 Kh7 22. Nd5 Qb8 23. f4 Ng4 24. h3 Nxe3 25. Nfxe3 Qa7 26. Kh2 Kh8 27. a3 exf4 28. gxf4 Qb8 29. e5 g6 30. h4 Nxe5 31. Qa1 Bg7 32. Qb1 Nd3 33. Rxd3 cxd3 34. Rxc8 Qxc8 35. Ne7 Qc7 36. N3d5 Qc2 0-1

[Event "Natal Regiion-ch sf"]
[Site "Natal"]
[Date "2017.11.02"]
[Round "1"]
[White "Nunes, Marcelo Basilio"]
[Black "Bouwman, Marcelo Wanderley"]
[Result "0-1"]
[WhiteElo "1971"]
[BlackElo "2224"]
[PlyCount "108"]
[EventDate "2017.11.02"]
[EventType "swiss"]
[EventRounds "7"]
[EventCountry "BRA"]
[SourceTitle "CBM 181 Extra"]
[Source "ChessBase"]
[SourceDate "2017.12.12"]
[SourceVersion "1"]
[SourceVersionDate "2017.12.12"]
[SourceQuality "1"]

1. d4 Nf6 2. c4 c5 3. e3 g6 4. Nf3 Bg7 5. g3 0-0 6. Bg2 cxd4 7. Nxd4 Nc6 8. 0-0 Qb6 9. Nc3 d6 10. Nxc6 bxc6 11. Na4 Qc7 12. Qc2 Rb8 13. Bd2 Be6 14. Rfc1 c5 15. b3 Qd7 16. Bc3 Bh3 17. Bh1 Qe6 18. Nb2 Bf5 19. Qe2 Bh6 20. Re1 Ne4 21. Ba5 Bg7 22. Rac1 Qc8 23. f3 Nf6 24. Bc3 e5 25. e4 Be6 26. Nd1 Nh5 27. Nf2 Rb6 28. Rcd1 f5 29. Rd3 f4 30. g4 Nf6 31. Red1 Ne8 32. R1d2 Bf6 33. Bg2 Be7 34. Rc2 Nc7 35. Ba5 Rc6 36. Bxc7 Qxc7 37. Nd1 Qd7 38. Nc3 Rf7 39. Rcd2 h5 40. gxh5 gxh5 41. Kh1 Rg7 42. Qd1 h4 43. Nb5 h3 44. Bf1 Qe8 45. Rf2 Qg6 46. Be2 Bh4 47. Qf1 Bc8 48. Rd1 a6 49. Nc3 Rcc7 50. Bd3 Bxf2 51. Qxf2 Qh5 52. Bf1 Rg6 53. Rd2 Rcg7 54. Nd5 Qxf3+ 0-1

[Event "Florianopolis op 3rd"]
[Site "Florianopolis"]
[Date "2017.01.20"]
[Round "1"]
[White "Nunes, Marcelo Basilio"]
[Black "Villalba, Marcelo"]
[Result "0-1"]
[WhiteElo "2047"]
[BlackElo "2255"]
[PlyCount "88"]
[EventDate "2017.01.20"]
[EventType "swiss"]
[EventRounds "10"]
[EventCountry "BRA"]
[SourceTitle "CBM 176 Extra"]
[Source "ChessBase"]
[SourceDate "2017.03.02"]
[SourceVersion "1"]
[SourceVersionDate "2017.03.02"]
[SourceQuality "1"]

1. Nf3 g6 2. e4 c5 3. Nc3 Bg7 4. g3 Nc6 5. Bg2 e5 6. d3 Nge7 7. 0-0 0-0 8. Be3 d6 9. Qd2 f6 10. Ne2 b6 11. c3 d5 12. Qc2 Be6 13. Rad1 Rc8 14. Qb1 Qd7 15. Rfe1 d4 16. Bc1 b5 17. b3 dxc3 18. Nxc3 Nd4 19. Nxd4 cxd4 20. Ne2 Qd6 21. Qb2 Nc6 22. Bd2 Rf7 23. b4 Rfc7 24. Rc1 Bf8 25. a3 Qd7 26. Rc2 Bd6 27. Rec1 Qe7 28. h3 a5 29. f4 Qf7 30. fxe5 fxe5 31. Rf1 Qe7 32. Nc1 axb4 33. axb4 Nxb4 34. Rxc7 Rxc7 35. Bh6 Qd7 36. Qf2 Qc8 37. Qf6 Rf7 38. Qg5 Rxf1+ 39. Bxf1 Qc7 40. h4 Be7 41. Qd2 Qc2 42. Qe1 Bg4 43. Bd2 Nc6 44. Bg2 b4 0-1

[Event "BRA-ch sf Reg2 83rd"]
[Site "Natal"]
[Date "2016.11.12"]
[Round "1"]
[White "Nunes, Marcelo Basilio"]
[Black "De Araujo, Antonio Jose"]
[Result "1-0"]
[WhiteElo "2065"]
[BlackElo "1620"]
[PlyCount "111"]
[EventDate "2016.11.12"]
[EventType "swiss"]
[EventRounds "7"]
[EventCountry "BRA"]
[SourceTitle "EXT 2018"]
[Source "ChessBase"]
[SourceDate "2017.10.13"]
[SourceVersion "1"]
[SourceVersionDate "2017.10.13"]
[SourceQuality "1"]

1. Nf3 Nf6 2. b3 d6 3. Bb2 e5 4. d3 Bg4 5. Nbd2 Nbd7 6. e3 g6 7. Be2 Bg7 8. h3 Bxf3 9. Bxf3 Rb8 10. 0-0 0-0 11. c4 Nc5 12. Qc2 Qe7 13. g3 a6 14. b4 Ne6 15. a4 Qd7 16. Bg2 Ng5 17. Kh2 Rfe8 18. Rfc1 c6 19. Qb3 e4 20. Rab1 d5 21. Bxf6 Bxf6 22. cxd5 Qxd5 23. Qxd5 cxd5 24. h4 Ne6 25. dxe4 d4 26. exd4 Bxd4 27. Kg1 Red8 28. Nf3 Rbc8 29. Bh3 Rxc1+ 30. Rxc1 Bb2 31. Rb1 Bf6 32. Bxe6 fxe6 33. Rc1 Rd7 34. b5 axb5 35. axb5 Kf8 36. Kf1 Ke8 37. Ke2 Kd8 38. e5 Be7 39. b6 h6 40. Rc4 Rd5 41. Rg4 g5 42. hxg5 hxg5 43. Rd4 Kd7 44. Rc4 Bd8 45. Nxg5 Rxe5+ 46. Ne4 Bxb6 47. f3 Bc5 48. Rxc5 Rd5 49. Rxd5+ exd5 50. Nd2 b5 51. Kd3 Kc6 52. Kc3 Kc5 53. Nb3+ Kd6 54. Kb4 Kc6 55. Nd4+ Kd6 56. f4 1-0

[Event "Recife Asfora Memorial"]
[Site "Recife"]
[Date "2016.08.06"]
[Round "4.4"]
[White "Nunes, Marcelo Basilio"]
[Black "De Santana, Jose Ricardo Gonca"]
[Result "0-1"]
[WhiteElo "2085"]
[BlackElo "1813"]
[PlyCount "86"]
[EventDate "2016.08.05"]
[EventType "swiss"]
[EventRounds "6"]
[EventCountry "BRA"]
[SourceTitle "EXT 2022"]
[Source "ChessBase"]
[SourceDate "2021.10.06"]
[SourceVersion "1"]
[SourceVersionDate "2021.10.06"]
[SourceQuality "1"]

1. Nf3 Nf6 2. b3 g6 3. Bb2 Bg7 4. c4 d6 5. d4 0-0 6. e3 Bg4 7. Be2 Nbd7 8. Nbd2 Re8 9. h3 Bxf3 10. Bxf3 c6 11. g4 Nf8 12. d5 c5 13. g5 Ne4 14. Bxg7 Nxd2 15. Bc3 Nxf3+ 16. Qxf3 e5 17. dxe6 Nxe6 18. 0-0-0 Nxg5 19. Qe2 Ne4 20. Ba1 Qe7 21. h4 h5 22. Rdg1 Kh7 23. Qb2 Qe5 24. Qb1 Qf5 25. Rg2 Qf3 26. Rhg1 Qe2 27. f3 Qxe3+ 28. Kc2 Nf2 29. Kb2 a5 30. a4 Qd2+ 31. Ka3 Qb4+ 32. Ka2 Re2+ 33. Bb2 Qd2 34. Qc1 Qxc1 35. Rxc1 Rxb2+ 36. Kxb2 Nd3+ 37. Kb1 Nxc1 38. Kxc1 Re8 39. Kd2 Kg7 40. Rg5 Re5 41. Rg1 Kf6 42. Kd3 Kf5 43. f4 Re7 0-1

[Event "Natal-ch"]
[Site "Natal"]
[Date "2016.02.07"]
[Round "4"]
[White "Nunes, Marcelo Basilio"]
[Black "Da Silva, Antonio Dutra"]
[Result "1-0"]
[WhiteElo "2086"]
[BlackElo "1798"]
[PlyCount "75"]
[EventDate "2016.02.06"]
[EventType "swiss"]
[EventRounds "6"]
[EventCountry "BRA"]
[SourceTitle "CBM 171 Extra"]
[Source "ChessBase"]
[SourceDate "2016.04.26"]
[SourceVersion "1"]
[SourceVersionDate "2016.04.26"]
[SourceQuality "1"]

1. e4 g6 2. d4 Bg7 3. f4 d6 4. Nf3 Bg4 5. Be3 c5 6. c3 Qb6 7. Qd2 Nf6 8. Bd3 Nbd7 9. 0-0 0-0 10. Na3 Bxf3 11. gxf3 a6 12. d5 e5 13. Nc4 Qc7 14. fxe5 Nxe5 15. Nxe5 dxe5 16. c4 Ne8 17. a4 Nd6 18. a5 f5 19. b4 cxb4 20. Qxb4 fxe4 21. fxe4 Qd7 22. Qd2 Qh3 23. c5 Nb5 24. Bxb5 axb5 25. Bg5 h6 26. Be7 Rf3 27. Qg2 Rxf1+ 28. Rxf1 Qxg2+ 29. Kxg2 Bf8 30. Rxf8+ Rxf8 31. Bxf8 Kxf8 32. Kf2 Ke7 33. Ke2 Kd7 34. Kd2 g5 35. c6+ Kc7 36. cxb7 g4 37. a6 h5 38. d6+ 1-0

[Event "Recife Regiao op"]
[Site "Recife"]
[Date "2014.11.01"]
[Round "5"]
[White "Nunes, Marcelo Basilio"]
[Black "Azevedo, Eduardo Jose E"]
[Result "1-0"]
[WhiteElo "2083"]
[BlackElo "1820"]
[PlyCount "67"]
[EventDate "2014.10.30"]
[EventType "swiss"]
[EventRounds "7"]
[EventCountry "BRA"]
[SourceTitle "EXT 2015"]
[Source "ChessBase"]
[SourceDate "2014.11.20"]
[SourceVersion "1"]
[SourceVersionDate "2014.11.20"]
[SourceQuality "1"]

1. d4 c5 2. e3 e6 3. Nf3 d5 4. b3 cxd4 5. exd4 Nf6 6. Bd3 Be7 7. 0-0 0-0 8. Nbd2 Nc6 9. a3 b6 10. Bb2 Bb7 11. Re1 Rc8 12. c4 Re8 13. Qe2 g6 14. Rad1 Bf8 15. Qf1 Bg7 16. c5 Nd7 17. cxb6 Qxb6 18. Bb5 Red8 19. Qd3 a6 20. Ba4 Qa7 21. b4 Nb6 22. Bc2 Ne7 23. Nb3 Nc4 24. Bc1 Nf5 25. Nc5 Nfd6 26. h4 Ne4 27. h5 Nxc5 28. bxc5 Bc6 29. hxg6 hxg6 30. Ng5 Qd7 31. Qh3 Rb8 32. Bxg6 fxg6 33. Qh7+ Kf8 34. Nxe6+ 1-0